Sports Quiz

Random Sports Quiz

ESPN Top 20 Sports Movies Quiz Stats

 Plays Quiz not verified by Sporcle

Challenge
Share
Tweet
Embed
Score 0/20 Timer 06:00
0 Plays Today
Rank Movie % Correct
4Hoosiers
75.3%
7Field of Dreams
72.2%
3 Raging Bull
62.1%
1Bull Durham
61%
2Rocky
60.6%
5Slap Shot
54.2%
6The Natural
50.5%
8Caddyshack
40.4%
9The Hustler
35.3%
10The Longest Yard
30.3%
Rank Movie % Correct
17Chariots of Fire
28%
18Brian's Song
19.8%
19Eight Men Out
17.9%
14Breaking Away
14.2%
13Hoop Dreams
12.6%
11North Dallas Forty
11.3%
15White Men Can't Jump
10.3%
16The Bad News Bears
9.1%
12Jerry Maguire
5.2%
20When We Were Kings
3.5%

You're not logged in!

Compare scores with friends on all Sporcle quizzes.
Join for Free
OR
Log In

You Might Also Like...

Show Comments

Extras

Created Oct 18, 2009ReportNominate
Tags:ESPN, Top 20

Top Quizzes Today


Score Distribution

Your Account Isn't Verified!

In order to create a playlist on Sporcle, you need to verify the email address you used during registration. Go to your Sporcle Settings to finish the process.

Report this User

Report this user for behavior that violates our Community Guidelines.

Details: